Globalización, ciudadanía y política social en América Latina: tensiones y contradicciones /
Gardado en:
| Autor Principal: | |
|---|---|
| Outros autores: | |
| Formato: | Texto |
| Publicado: |
Caracas:
Nueva Sociedad
|
| Materias: | |
| Etiquetas: |
Engadir etiqueta
Sen Etiquetas, Sexa o primeiro en etiquetar este rexistro!
|
MARC
| LEADER | 00000 a a2200000 04500 | ||
|---|---|---|---|
| 001 | 31391 | ||
| 003 | |||
| 040 | |a CRAI/IIS |c CRAI/IIS | ||
| 020 | |a 980-317-129-1 | ||
| 022 | |a 980-317-129-1 | ||
| 090 | |a 198300 | ||
| 100 | |a Pérez Baltodano | ||
| 245 | |a Globalización, ciudadanía y política social en América Latina: tensiones y contradicciones / |c Pérez Baltodano | ||
| 260 | |a Caracas: |b Nueva Sociedad | ||
| 300 | |a 224 p. | ||
| 650 | |a POLITICA SOCIAL | ||
| 650 | |a GLOBALIZACION | ||
| 650 | |a TEORIA SOCIAL | ||
| 650 | |a AMERICA LATINA | ||
| 700 | |a ed | ||
| 999 | |c 17491 |d 17491 | ||



